[Event "POL-chT 2nd League"]
[Site "Jastrzebia Gora"]
[Date "2019.09.14"]
[Round "8.14"]
[White "Bielczyk, Jacek"]
[Black "Szczesniak, Andrzej"]
[Result "1-0"]
[WhiteElo "2279"]
[BlackElo "1941"]
[PlyCount "59"]
[EventDate "2019.09.07"]
[EventType "team-swiss"]
[EventRounds "9"]
[EventCountry "POL"]
[SourceTitle "EXT 2020"]
[Source "ChessBase"]
[SourceDate "2019.10.17"]
[SourceVersion "1"]
[SourceVersionDate "2019.10.17"]
[SourceQuality "1"]
[WhiteTeam "Chrzanow Olimpijczyk"]
[BlackTeam "Grudziadz Rotmistrz"]
[WhiteTeamCountry "POL"]
[BlackTeamCountry "POL"]

1. e4 e6 2. d4 d5 3. Nc3 Nf6 4. e5 Nfd7 5. f4 c5 6. Nf3 Nc6 7. Be3 Be7 8. Qd2 0-0 9. a3 b6 10. Bd3 cxd4 11. Nxd4 Nxd4 12. Bxd4 Nc5 13. 0-0 Ba6 14. Bxa6 Nxa6 15. f5 exf5 16. Rxf5 Qd7 17. Rf3 Nc7 18. Rd1 Nb5 19. Nxb5 Qxb5 20. Rg3 g6 21. Rh3 h5 22. Rf1 Qd7 23. c3 Kh7 24. Qf4 Qe6 25. Be3 Bc5 26. Bxc5 bxc5 27. Qg5 Rae8 28. Rf6 Qxe5 29. Rxh5+ Kg8 30. Qxe5 1-0

[Event "POL-chT 2nd League"]
[Site "Jastrzebia Gora"]
[Date "2019.09.08"]
[Round "2.16"]
[White "Rajda, Krystian"]
[Black "Szczesniak, Andrzej"]
[Result "0-1"]
[WhiteElo "1841"]
[BlackElo "1941"]
[PlyCount "54"]
[EventDate "2019.09.07"]
[EventType "team-swiss"]
[EventRounds "9"]
[EventCountry "POL"]
[SourceTitle "EXT 2020"]
[Source "ChessBase"]
[SourceDate "2019.10.17"]
[SourceVersion "1"]
[SourceVersionDate "2019.10.17"]
[SourceQuality "1"]
[WhiteTeam "Chroscice Victoria"]
[BlackTeam "Grudziadz Rotmistrz"]
[WhiteTeamCountry "POL"]
[BlackTeamCountry "POL"]

1. e4 e6 2. d3 d5 3. Nd2 Nf6 4. Ngf3 b6 5. g3 Bb7 6. e5 Nfd7 7. Bg2 c5 8. 0-0 Nc6 9. Re1 Qc7 10. Nf1 Ndxe5 11. Nxe5 Nxe5 12. c4 0-0-0 13. Bf4 Bd6 14. b4 f6 15. bxc5 Bxc5 16. cxd5 Bxd5 17. Bxd5 Rxd5 18. Rc1 Rhd8 19. d4 Rxd4 20. Qe2 R4d5 21. Ne3 Rd2 22. Qa6+ Kb8 23. Nc4 Rxf2 24. Be3 Nd3 25. Bxc5 Qxc5 26. Ne3 Nxc1 27. Kxf2 Nd3+ 0-1

[Event "Rubinstein Memorial-C 55th"]
[Site "Polanica Zdroj"]
[Date "2019.08.19"]
[Round "3"]
[White "Szczesniak, Andrzej"]
[Black "Jaworski, Tymon"]
[Result "1/2-1/2"]
[WhiteElo "1954"]
[BlackElo "1598"]
[PlyCount "43"]
[EventDate "2019.08.17"]
[EventType "swiss"]
[EventRounds "9"]
[EventCountry "POL"]
[SourceTitle "EXT 2020"]
[Source "ChessBase"]
[SourceDate "2019.10.17"]
[SourceVersion "1"]
[SourceVersionDate "2019.10.17"]
[SourceQuality "1"]

1. d4 Nf6 2. c4 d6 3. Nc3 Nbd7 4. e4 e5 5. Nf3 g6 6. Be2 Bg7 7. 0-0 0-0 8. Re1 c6 9. Bf1 Qc7 10. d5 c5 11. Rb1 a6 12. a3 Nh5 13. Be3 Qd8 14. b4 b6 15. Qa4 f5 16. Qc6 Ra7 17. Bg5 Bf6 18. Bh6 Bg7 19. Bg5 Bf6 20. Bh6 Bg7 21. Bg5 Bf6 22. h4 1/2-1/2

[Event "Rubinstein Memorial-C 55th"]
[Site "Polanica Zdroj"]
[Date "2019.08.17"]
[Round "1"]
[White "Szczesniak, Andrzej"]
[Black "Ciesielski, Maciej"]
[Result "1-0"]
[WhiteElo "1954"]
[BlackElo "1486"]
[PlyCount "119"]
[EventDate "2019.08.17"]
[EventType "swiss"]
[EventRounds "9"]
[EventCountry "POL"]
[SourceTitle "EXT 2020"]
[Source "ChessBase"]
[SourceDate "2019.10.17"]
[SourceVersion "1"]
[SourceVersionDate "2019.10.17"]
[SourceQuality "1"]

1. d4 d5 2. c4 e6 3. Nc3 Nf6 4. cxd5 exd5 5. Bg5 Be7 6. e3 0-0 7. Bd3 h6 8. Bf4 Re8 9. Qc2 c5 10. dxc5 Bxc5 11. Nge2 Nc6 12. a3 a6 13. 0-0 Bg4 14. h3 Bxe2 15. Nxe2 Bb6 16. Rad1 Rc8 17. Bf5 Nd4 18. Qd3 Nxf5 19. Qxf5 Qe7 20. Nc3 Qe6 21. Qd3 Red8 22. Rfe1 Qc6 23. Be5 Ba5 24. b4 Nd7 25. Nxd5 Nxe5 26. Ne7+ Kf8 27. Qxd8+ Bxd8 28. Nxc6 Nxc6 29. Rd7 Rc7 30. Red1 Ke8 31. R7d5 b5 32. Kf1 Bf6 33. f4 Ke7 34. Ke2 Nb8 35. Rd8 Nc6 36. Ra8 Ra7 37. Rc8 Bb2 38. Rxc6 Bxa3 39. Rb1 a5 40. bxa5 Rxa5 41. Rb6 b4 42. e4 Rc5 43. Rb7+ Ke8 44. Rd1 Rc4 45. Rd5 Rxe4+ 46. Kf3 Rc4 47. Re5+ Kd8 48. Ra5 Rc7 49. Rbb5 Ke7 50. Ra6 g6 51. Ke4 f5+ 52. Kd5 Rd7+ 53. Kc4 Rc7+ 54. Kb3 Kf7 55. Ka4 h5 56. Rbb6 h4 57. Rxg6 Re7 58. Raf6+ Ke8 59. Rxf5 Re4 60. Re5+ 1-0

[Event "POL-chT 2nd League"]
[Site "Jastrzebia Gora"]
[Date "2018.09.07"]
[Round "7.9"]
[White "Szczesniak, Andrzej"]
[Black "Choroszej, Aleksander"]
[Result "1-0"]
[WhiteElo "1934"]
[BlackElo "2054"]
[PlyCount "81"]
[EventDate "2018.09.01"]
[EventType "team-swiss"]
[EventRounds "9"]
[EventCountry "POL"]
[SourceTitle "CBM 186 Extra"]
[Source "ChessBase"]
[SourceDate "2018.08.24"]
[SourceVersion "1"]
[SourceVersionDate "2018.08.24"]
[SourceQuality "1"]
[WhiteTeam "Grudziadz Rotmistrz"]
[BlackTeam "Zielonka Zieloni"]
[WhiteTeamCountry "POL"]
[BlackTeamCountry "POL"]

1. d4 g6 2. c4 Bg7 3. e4 d6 4. Nc3 Nf6 5. Be2 0-0 6. Nf3 e5 7. Be3 Ng4 8. Bg5 f6 9. Bh4 g5 10. Bg3 Nh6 11. dxe5 dxe5 12. Qd5+ Nf7 13. Qxd8 Rxd8 14. h4 g4 15. Nd2 Nc6 16. Nb3 Nd4 17. Nxd4 Rxd4 18. Nb5 Rxe4 19. Nxc7 Rb8 20. f3 Rxe2+ 21. Kxe2 Nd8 22. Ne8 Nc6 23. Nxg7 Kxg7 24. Rad1 Be6 25. b3 Rg8 26. f4 exf4 27. Bxf4 Kg6 28. Rd6 Kf7 29. g3 Re8 30. Kf2 Ne7 31. Rhd1 Ng6 32. Rd8 Re7 33. Bd6 Re8 34. Rxe8 Kxe8 35. Ke3 Bd7 36. Kd4 Bc6 37. Re1+ Kf7 38. b4 a6 39. Kc5 Bf3 40. b5 axb5 41. cxb5 1-0

[Event "POL-chT 2nd League"]
[Site "Jastrzebia Gora"]
[Date "2018.09.05"]
[Round "6.6"]
[White "Szczesniak, Andrzej"]
[Black "Zareba, Radoslaw"]
[Result "0-1"]
[WhiteElo "1934"]
[BlackElo "2110"]
[PlyCount "63"]
[EventDate "2018.09.01"]
[EventType "team-swiss"]
[EventRounds "9"]
[EventCountry "POL"]
[SourceTitle "CBM 186 Extra"]
[Source "ChessBase"]
[SourceDate "2018.08.24"]
[SourceVersion "1"]
[SourceVersionDate "2018.08.24"]
[SourceQuality "1"]
[WhiteTeam "Grudziadz Rotmistrz"]
[BlackTeam "Ostrow Wielkopolski"]
[WhiteTeamCountry "POL"]
[BlackTeamCountry "POL"]

1. d4 b6 2. c4 Bb7 3. Nc3 e6 4. e4 Bb4 5. Qc2 Qh4 6. d5 f5 7. exf5 exd5 8. cxd5 Bxd5 9. a3 Bxc3+ 10. Qxc3 Qe4+ 11. Be3 Nf6 12. Qxc7 Nc6 13. Nf3 Qc2 14. Rc1 Qxb2 15. Qd6 Bxf3 16. gxf3 Ne5 17. Be2 Nf7 18. Qb4 Qxb4+ 19. axb4 Nd6 20. Bd3 Nd5 21. b5 Nb4 22. Be2 Nxf5 23. Bd2 a5 24. bxa6 Nxa6 25. Ra1 Nc7 26. Rxa8+ Nxa8 27. Bd3 0-0 28. Bb4 Re8+ 29. Kd2 Nd4 30. Be4 Nc7 31. Ra1 Nb3+ 32. Ke1 0-1

[Event "POL-chT 2nd League"]
[Site "Jastrzebia Gora"]
[Date "2018.09.04"]
[Round "5.3"]
[White "Marszalek, Maciej"]
[Black "Szczesniak, Andrzej"]
[Result "1-0"]
[WhiteElo "2272"]
[BlackElo "1934"]
[PlyCount "73"]
[EventDate "2018.09.01"]
[EventType "team-swiss"]
[EventRounds "9"]
[EventCountry "POL"]
[SourceTitle "CBM 186 Extra"]
[Source "ChessBase"]
[SourceDate "2018.08.24"]
[SourceVersion "1"]
[SourceVersionDate "2018.08.24"]
[SourceQuality "1"]
[WhiteTeam "Nowy Sacz Sandecja"]
[BlackTeam "Grudziadz Rotmistrz"]
[WhiteTeamCountry "POL"]
[BlackTeamCountry "POL"]

1. d4 d5 2. c4 c6 3. Nf3 Nf6 4. Qb3 dxc4 5. Qxc4 Bf5 6. g3 e6 7. Bg2 Be7 8. 0-0 0-0 9. e3 Nbd7 10. Qe2 Qc7 11. Nc3 Ne4 12. Nd2 Nxc3 13. bxc3 Qa5 14. Bb2 Nb6 15. Nb3 Qa4 16. e4 Bg6 17. Rfe1 c5 18. h4 h6 19. h5 Bh7 20. Bf1 cxd4 21. cxd4 Rac8 22. Rec1 Qb4 23. Bg2 Na4 24. Rab1 Nxb2 25. Qxb2 b6 26. Qe2 Qa3 27. Rxc8 Rxc8 28. Rd1 a5 29. d5 exd5 30. Rxd5 a4 31. Nd4 Qc1+ 32. Kh2 Bf6 33. e5 Be7 34. Rd7 Kf8 35. Qf3 Qc4 36. Bh3 Re8 37. Be6 1-0

[Event "Rubinstein Memorial-C 54th"]
[Site "Polanica Zdroj"]
[Date "2018.08.19"]
[Round "2"]
[White "Szynalski, Bartosz"]
[Black "Szczesniak, Andrzej"]
[Result "0-1"]
[WhiteElo "1622"]
[BlackElo "1962"]
[PlyCount "67"]
[EventDate "2018.08.18"]
[EventType "swiss"]
[EventRounds "9"]
[EventCountry "POL"]
[SourceTitle "EXT 2020"]
[Source "ChessBase"]
[SourceDate "2019.10.17"]
[SourceVersion "1"]
[SourceVersionDate "2019.10.17"]
[SourceQuality "1"]

1. d4 d5 2. Bf4 c5 3. e3 Nc6 4. c3 Nf6 5. Nd2 Qb6 6. Qb3 c4 7. Qc2 g6 8. Ngf3 Bf5 9. Qc1 Nh5 10. Be2 Nxf4 11. exf4 Qc7 12. g3 Bg7 13. Nh4 Bd7 14. Ndf3 0-0 15. 0-0 b5 16. a3 a5 17. Qd2 Rfb8 18. Rfb1 b4 19. axb4 axb4 20. Qc1 Na5 21. Bd1 Qb6 22. Ne5 Be8 23. f5 Nc6 24. Rxa8 Rxa8 25. Nhf3 Rb8 26. Nxc6 Bxc6 27. fxg6 hxg6 28. Bc2 Qc7 29. Qe1 b3 30. Bd1 Ra8 31. Kg2 Bd7 32. Qxe7 Bh3+ 33. Kxh3 Qxe7 34. Kg2 0-1

[Event "POL-chT 1st League"]
[Site "Poronin"]
[Date "2017.09.08"]
[Round "7.3"]
[White "Szczesniak, Andrzej"]
[Black "Bardeli, Lukasz"]
[Result "0-1"]
[WhiteElo "1960"]
[BlackElo "2188"]
[PlyCount "74"]
[EventDate "2017.09.02"]
[EventType "team-tourn"]
[EventRounds "9"]
[EventCountry "POL"]
[SourceTitle "CBM 180 Extra"]
[Source "ChessBase"]
[SourceDate "2017.10.06"]
[SourceVersion "1"]
[SourceVersionDate "2017.10.06"]
[SourceQuality "1"]
[WhiteTeam "Grudziadz Rotmistrz"]
[BlackTeam "Chrobry Gniezno"]
[WhiteTeamCountry "POL"]
[BlackTeamCountry "POL"]

1. d4 d5 2. c4 c6 3. cxd5 cxd5 4. Bf4 Nc6 5. e3 Nf6 6. Nc3 a6 7. Bd3 Bg4 8. Nge2 e6 9. Rc1 Be7 10. h3 Bh5 11. a3 0-0 12. 0-0 Rc8 13. Na4 Nd7 14. b4 b5 15. Nc5 Nxc5 16. bxc5 Ra8 17. Qc2 Bg6 18. Bxg6 hxg6 19. e4 Rc8 20. exd5 Qxd5 21. Rfd1 Rfd8 22. Be3 Bf6 23. Nc3 Qf5 24. Qxf5 gxf5 25. d5 Na5 26. c6 Nc4 27. Bd4 Be7 28. a4 b4 29. Ne2 exd5 30. Nf4 Rxc6 31. Ba1 Bg5 32. g3 Bxf4 33. gxf4 b3 34. Bd4 b2 35. Rb1 Rb8 36. Re1 Rg6+ 37. Kh1 Rb3 0-1

[Event "POL-chT 1st League"]
[Site "Poronin"]
[Date "2017.09.02"]
[Round "1.2"]
[White "Szczesniak, Andrzej"]
[Black "Goluch, Piotr"]
[Result "0-1"]
[WhiteElo "1960"]
[BlackElo "2275"]
[PlyCount "82"]
[EventDate "2017.09.02"]
[EventType "team-tourn"]
[EventRounds "9"]
[EventCountry "POL"]
[SourceTitle "CBM 180 Extra"]
[Source "ChessBase"]
[SourceDate "2017.10.06"]
[SourceVersion "1"]
[SourceVersionDate "2017.10.06"]
[SourceQuality "1"]
[WhiteTeam "Grudziadz Rotmistrz"]
[BlackTeam "Kopernik WKS"]
[WhiteTeamCountry "POL"]
[BlackTeamCountry "POL"]

1. d4 Nf6 2. c4 c5 3. d5 e6 4. Nc3 exd5 5. cxd5 d6 6. Nf3 g6 7. Bg5 h6 8. Bh4 Bg7 9. e3 0-0 10. Be2 b6 11. a4 Na6 12. 0-0 Nb4 13. Nd2 Re8 14. e4 a6 15. f4 Qc7 16. Bg3 Rb8 17. e5 Nfxd5 18. Nxd5 Nxd5 19. Nc4 Nxf4 20. exd6 Nxe2+ 21. Qxe2 Qc6 22. Ne5 Qxd6 23. Nxf7 Rxe2 24. Nxd6 Bd4+ 25. Kh1 Bb7 26. Nxb7 Rxb7 27. Rae1 Rbe7 28. b3 b5 29. axb5 axb5 30. Rd1 Rf7 31. Rxf7 Kxf7 32. b4 Ke6 33. bxc5 Bxc5 34. h4 b4 35. Rd8 b3 36. Re8+ Be7 37. Rb8 b2 38. Rb5 Bc5 39. Kh2 Kd5 40. Rb7 Kc4 41. h5 g5 0-1

[Event "Rubinstein Memorial-C 53rd"]
[Site "Polanica Zdroj"]
[Date "2017.08.27"]
[Round "9"]
[White "Szczesniak, Andrzej"]
[Black "Gajzner, Ryszard"]
[Result "1-0"]
[WhiteElo "1970"]
[BlackElo "1717"]
[PlyCount "81"]
[EventDate "2017.08.19"]
[EventType "swiss"]
[EventRounds "9"]
[EventCountry "POL"]
[SourceTitle "CBM 180 Extra"]
[Source "ChessBase"]
[SourceDate "2017.10.06"]
[SourceVersion "1"]
[SourceVersionDate "2017.10.06"]
[SourceQuality "1"]

1. d4 f5 2. Bf4 Nf6 3. e3 g6 4. Nf3 Bg7 5. c4 d6 6. h3 c6 7. Nc3 Na6 8. Be2 Bd7 9. Rc1 Qa5 10. a3 0-0 11. 0-0 Rae8 12. Bh2 c5 13. Nd5 Nxd5 14. cxd5 cxd4 15. Nxd4 Kh8 16. Bf3 Rc8 17. Ne6 Rxc1 18. Qxc1 Rc8 19. Qb1 Bf6 20. e4 Nc7 21. Nf4 fxe4 22. Qxe4 Bf5 23. Qe3 Nb5 24. g4 Bd7 25. g5 Bxb2 26. Qxe7 Qd8 27. Qxd8+ Rxd8 28. Ne6 Rc8 29. a4 Nd4 30. Nxd4 Bxd4 31. Bxd6 Bxa4 32. Be7 Bd7 33. Bg4 Bxg4 34. hxg4 Re8 35. d6 Bb6 36. Rb1 Kg8 37. Rxb6 axb6 38. d7 Kf7 39. dxe8Q+ Kxe8 40. Ba3 Kd7 41. f4 1-0

[Event "Rubinstein Memorial-C 53rd"]
[Site "Polanica Zdroj"]
[Date "2017.08.19"]
[Round "1"]
[White "Baran, Mateusz"]
[Black "Szczesniak, Andrzej"]
[Result "0-1"]
[WhiteElo "1503"]
[BlackElo "1970"]
[PlyCount "74"]
[EventDate "2017.08.19"]
[EventType "swiss"]
[EventRounds "9"]
[EventCountry "POL"]
[SourceTitle "CBM 180 Extra"]
[Source "ChessBase"]
[SourceDate "2017.10.06"]
[SourceVersion "1"]
[SourceVersionDate "2017.10.06"]
[SourceQuality "1"]

1. e4 e6 2. d4 d5 3. e5 c5 4. c3 Qb6 5. Bd3 Bd7 6. Bc2 Nc6 7. Nf3 cxd4 8. cxd4 Nb4 9. Bb3 Bb5 10. Ba4 Nd3+ 11. Qxd3 Bxa4 12. Nc3 Bb4 13. Bd2 Bxc3 14. Qxc3 Bb5 15. 0-0-0 Ne7 16. Kb1 Rc8 17. Qe3 Nf5 18. Qf4 Be2 19. Rc1 0-0 20. Bc3 Bxf3 21. Qxf3 Nxd4 22. Qd3 Nc6 23. f4 d4 24. Bd2 a5 25. g4 Rfd8 26. Qg3 Rd5 27. a4 Rcd8 28. Rhe1 d3 29. f5 Qb3 30. f6 Nb4 31. Bxb4 Qxb4 32. Red1 d2 33. Rc2 Qe4 34. Qc3 Qe2 35. Rcxd2 Rxd2 36. Rxd2 Qxd2 37. Qxd2 Rxd2 0-1

[Event "Polanica Zdroj op-C 52nd"]
[Site "Polanica Zdroj"]
[Date "2016.08.28"]
[Round "6"]
[White "Borkowska, Zuzanna"]
[Black "Szczesniak, Andrzej"]
[Result "0-1"]
[WhiteElo "1621"]
[BlackElo "1971"]
[PlyCount "100"]
[EventDate "2016.08.20"]
[EventType "swiss"]
[EventRounds "9"]
[EventCountry "POL"]
[SourceTitle "CBM 174 Extra"]
[Source "ChessBase"]
[SourceDate "2016.10.10"]
[SourceVersion "1"]
[SourceVersionDate "2016.10.10"]
[SourceQuality "1"]

1. e4 c5 2. Nf3 e6 3. d3 Nc6 4. g3 e5 5. Bg2 g6 6. 0-0 Bg7 7. Be3 d6 8. c3 Nge7 9. d4 exd4 10. cxd4 Bg4 11. e5 cxd4 12. Bxd4 dxe5 13. Bc3 0-0 14. Qa4 Qc8 15. Nbd2 Nd5 16. Bxe5 Nb6 17. Qf4 g5 18. Qxg5 f6 19. Bxf6 Rxf6 20. Nh4 h6 21. Qc5 Qf8 22. Qxf8+ Rfxf8 23. Rab1 Rad8 24. Ne4 Nc4 25. h3 Be2 26. Rfe1 Bd3 27. Rbc1 Bxb2 28. Rcd1 Bc2 29. Rxd8 Rxd8 30. Nc5 Rd1 31. Rxd1 Bxd1 32. Bd5+ Kg7 33. Bxc4 b6 34. Ne6+ Kf6 35. Nf4 Na5 36. Bd3 Bc1 37. Nd5+ Ke5 38. Ne3 Kd4 39. Bg6 Bxe3 40. Nf5+ Kc3 41. Nxe3 Be2 42. Bf7 b5 43. f4 Nc4 44. Kf2 Bd3 45. Nxc4 bxc4 46. Ke1 Kb2 47. Kd1 a5 48. f5 a4 49. f6 c3 50. Be8 c2+ 0-1

[Event "Polanica Zdroj op-C 52nd"]
[Site "Polanica Zdroj"]
[Date "2016.08.28"]
[Round "3"]
[White "Szczesniak, Andrzej"]
[Black "Majewski, Piotr"]
[Result "1/2-1/2"]
[WhiteElo "1971"]
[BlackElo "1626"]
[PlyCount "60"]
[EventDate "2016.08.20"]
[EventType "swiss"]
[EventRounds "9"]
[EventCountry "POL"]
[SourceTitle "CBM 174 Extra"]
[Source "ChessBase"]
[SourceDate "2016.10.10"]
[SourceVersion "1"]
[SourceVersionDate "2016.10.10"]
[SourceQuality "1"]

1. c4 e6 2. e4 d5 3. exd5 exd5 4. d4 Bb4+ 5. Nc3 Nf6 6. Bd3 0-0 7. Nge2 Re8 8. 0-0 Bg4 9. f3 dxc4 10. Bxc4 Be6 11. d5 Bc5+ 12. Kh1 Bf5 13. Qb3 Nbd7 14. Ng3 Bg6 15. Bf4 Nb6 16. Bb5 Re7 17. Rad1 Bd6 18. Bg5 Bxg3 19. hxg3 Re5 20. Bxf6 Qxf6 21. Kg1 Kh8 22. Kf2 Kg8 23. Bd3 a6 24. Bxg6 hxg6 25. d6 Rc8 26. dxc7 Rxc7 27. Rd2 Nc4 28. Rd3 Qb6+ 29. Qxb6 Nxb6 30. Rd8+ Kh7 1/2-1/2

[Event "Polanica Zdroj op-C 52nd"]
[Site "Polanica Zdroj"]
[Date "2016.08.28"]
[Round "7"]
[White "Szczesniak, Andrzej"]
[Black "Rycyk, Radoslaw"]
[Result "1/2-1/2"]
[WhiteElo "1971"]
[BlackElo "1711"]
[PlyCount "72"]
[EventDate "2016.08.20"]
[EventType "swiss"]
[EventRounds "9"]
[EventCountry "POL"]
[SourceTitle "CBM 174 Extra"]
[Source "ChessBase"]
[SourceDate "2016.10.10"]
[SourceVersion "1"]
[SourceVersionDate "2016.10.10"]
[SourceQuality "1"]

1. c4 e6 2. e4 d5 3. exd5 exd5 4. cxd5 Nf6 5. Nc3 Nxd5 6. Nf3 c6 7. d4 Be7 8. Bd3 0-0 9. h3 Be6 10. 0-0 Nd7 11. Re1 N7b6 12. Ne5 Bf6 13. a3 Qc7 14. Ne4 g6 15. Bh6 Bg7 16. Bxg7 Kxg7 17. Nc5 Rfe8 18. Qf3 Rad8 19. Rad1 Nf6 20. Nxe6+ Rxe6 21. Bb1 Nbd7 22. Nd3 Rde8 23. Rxe6 Rxe6 24. Ba2 Re7 25. g4 Qd6 26. Nf4 h6 27. Qg3 Ne4 28. Qf3 Ng5 29. Qg3 Ne4 30. Qf3 Ng5 31. Qg3 Ne5 32. h4 Ngf3+ 33. Kg2 Nxd4 34. Kg1 Ndf3+ 35. Kg2 Nd4 36. Nxg6 fxg6 1/2-1/2

[Event "Polanica Zdroj op-C 52nd"]
[Site "Polanica Zdroj"]
[Date "2016.08.28"]
[Round "8"]
[White "Szczesniak, Andrzej"]
[Black "Sypien, Natan"]
[Result "1-0"]
[WhiteElo "1971"]
[BlackElo "1525"]
[PlyCount "80"]
[EventDate "2016.08.20"]
[EventType "swiss"]
[EventRounds "9"]
[EventCountry "POL"]
[SourceTitle "CBM 174 Extra"]
[Source "ChessBase"]
[SourceDate "2016.10.10"]
[SourceVersion "1"]
[SourceVersionDate "2016.10.10"]
[SourceQuality "1"]

1. c4 b6 2. Nc3 Bb7 3. e4 e6 4. Nf3 Bb4 5. e5 Ne7 6. d4 0-0 7. Bd3 h6 8. 0-0 Bxc3 9. bxc3 d6 10. Bc2 Nd7 11. Re1 dxe5 12. Nxe5 Nxe5 13. Rxe5 Nf5 14. Qg4 Qf6 15. Bxf5 exf5 16. Rxf5 Qe6 17. Ba3 Rfe8 18. h4 Bc8 19. Qf3 Bd7 20. Re5 Qxc4 21. Rae1 Qxa2 22. Be7 Be6 23. d5 Rxe7 24. dxe6 Rae8 25. Qxf7+ Rxf7 26. exf7+ Kxf7 27. Rxe8 Qa3 28. R1e3 a5 29. R8e5 Qd6 30. Rf3+ Kg8 31. Re8+ Kh7 32. Rf7 a4 33. Ree7 a3 34. Rxg7+ Kh8 35. Rh7+ Kg8 36. Reg7+ Kf8 37. Rxc7 Kg8 38. Rhd7 Qf8 39. Ra7 Qc8 40. Rg7+ Kf8 1-0

[Event "NATO-ch 25th"]
[Site "Quebec"]
[Date "2014.09.12"]
[Round "7"]
[White "Szczesniak, Andrzej"]
[Black "Tucker, David Sidney"]
[Result "1/2-1/2"]
[WhiteElo "1969"]
[BlackElo "2042"]
[PlyCount "96"]
[EventDate "2014.09.08"]
[EventType "team-swiss"]
[EventRounds "7"]
[EventCountry "CAN"]
[SourceTitle "EXT 2015"]
[Source "ChessBase"]
[SourceDate "2014.11.20"]
[SourceVersion "1"]
[SourceVersionDate "2014.11.20"]
[SourceQuality "1"]
[WhiteTeam "NATO"]
[BlackTeam "Great Britain"]
[BlackTeamCountry "GBR"]

1. c4 c5 2. Nc3 Nc6 3. g3 g6 4. Bg2 Bg7 5. a3 Nf6 6. Rb1 a6 7. b4 d6 8. d3 0-0 9. e4 Bg4 10. f3 cxb4 11. axb4 Be6 12. Nge2 Nd7 13. Be3 f5 14. Nd5 fxe4 15. dxe4 Nce5 16. Nd4 Bf7 17. Qe2 Rc8 18. Rc1 Nc6 19. Nc2 Bxd5 20. cxd5 Bc3+ 21. Kf2 Nce5 22. f4 Bb2 23. Rcd1 Ng4+ 24. Qxg4 Rxc2+ 25. Rd2 Rxd2+ 26. Bxd2 Bd4+ 27. Ke2 Nf6 28. Qe6+ Kg7 29. Rc1 Qb6 30. e5 Qb5+ 31. Ke1 dxe5 32. fxe5 Ne4 33. Qxe7+ Rf7 34. Qxf7+ Kxf7 35. e6+ Kf6 36. Bxe4 Qb6 37. Rc8 Be3 38. Rf8+ Ke7 39. Rf7+ Ke8 40. Rxh7 Bxd2+ 41. Kxd2 Qd4+ 42. Bd3 Qxd5 43. e7 Qd6 44. Kc2 Qe6 45. Kd1 Qg8 46. Rh6 Kxe7 47. Rxg6 Qb3+ 48. Ke2 Qb2+ 1/2-1/2

[Event "NATO-ch 25th"]
[Site "Quebec"]
[Date "2014.09.10"]
[Round "4"]
[White "Middaugh, Jon S"]
[Black "Szczesniak, Andrzej"]
[Result "0-1"]
[WhiteElo "1767"]
[BlackElo "1969"]
[PlyCount "78"]
[EventDate "2014.09.08"]
[EventType "team-swiss"]
[EventRounds "7"]
[EventCountry "CAN"]
[SourceTitle "EXT 2015"]
[Source "ChessBase"]
[SourceDate "2014.11.20"]
[SourceVersion "1"]
[SourceVersionDate "2014.11.20"]
[SourceQuality "1"]
[WhiteTeam "United States"]
[BlackTeam "NATO"]
[WhiteTeamCountry "USA"]

1. d4 Nf6 2. c4 e6 3. Nc3 c5 4. d5 exd5 5. cxd5 Bd6 6. Nf3 0-0 7. g3 Bc7 8. Bg2 d6 9. 0-0 a6 10. a4 Re8 11. Nd2 Nbd7 12. e4 Rb8 13. Qe2 Nf8 14. Ra3 Ng6 15. Rb3 Bd7 16. f4 Qe7 17. Re1 Ba5 18. Ndb1 Bb4 19. Bd2 Qd8 20. Qc4 Qa5 21. Bf1 b5 22. axb5 axb5 23. Qe2 c4 24. Ra3 Bxa3 25. bxa3 Qa7+ 26. Be3 Qc7 27. Qb2 Nxe4 28. Bd4 Nxc3 29. Rxe8+ Rxe8 30. Qxc3 f6 31. Bd3 Qd8 32. Bxg6 hxg6 33. Qd2 Qe7 34. Nc3 Qe1+ 35. Qxe1 Rxe1+ 36. Kf2 Ra1 37. Ne4 Rxa3 38. Nxd6 Rd3 39. Bb2 Rd2+ 0-1

[Event "NATO-ch 25th"]
[Site "Quebec"]
[Date "2014.09.09"]
[Round "3"]
[White "Szczesniak, Andrzej"]
[Black "Macaspac, Arthur"]
[Result "0-1"]
[WhiteElo "1969"]
[BlackElo "2106"]
[PlyCount "112"]
[EventDate "2014.09.08"]
[EventType "team-swiss"]
[EventRounds "7"]
[EventCountry "CAN"]
[SourceTitle "EXT 2015"]
[Source "ChessBase"]
[SourceDate "2014.11.20"]
[SourceVersion "1"]
[SourceVersionDate "2014.11.20"]
[SourceQuality "1"]
[WhiteTeam "NATO"]
[BlackTeam "United States"]
[BlackTeamCountry "USA"]

1. c4 e5 2. Nc3 Nf6 3. g3 Nc6 4. Bg2 Be7 5. Nf3 0-0 6. d4 d6 7. h3 h6 8. 0-0 Bf5 9. d5 Nb8 10. Nh4 Bh7 11. e4 Nbd7 12. Be3 Nc5 13. Qc2 a5 14. a3 Nfd7 15. Nf5 Bxf5 16. exf5 a4 17. f4 exf4 18. Bxf4 Bg5 19. Ne4 Bxf4 20. Rxf4 Nxe4 21. Bxe4 Qf6 22. Qc3 Qxc3 23. bxc3 Rfe8 24. Kf2 Re5 25. Bc2 Nc5 26. Re1 f6 27. g4 Ra6 28. Rb1 Ra8 29. Re1 Kf7 30. Rd4 Rae8 31. Rdd1 Ke7 32. Rb1 Kd7 33. Rxe5 dxe5 34. h4 Kd6 35. Ke3 b6 36. Rg1 Rh8 37. Rb1 Ra8 38. Rg1 Nb3 39. Rb1 Kc5 40. Bd3 Rh8 41. Rb2 h5 42. g5 fxg5 43. hxg5 h4 44. f6 gxf6 45. gxf6 Rf8 46. Rf2 h3 47. f7 Na5 48. Ke4 Nxc4 49. Bxc4 Kxc4 50. Kxe5 h2 51. Rxh2 Rxf7 52. Rh4+ Kb3 53. Rb4+ Kxa3 54. d6 cxd6+ 55. Kxd6 Rf5 56. Kc6 b5 0-1

[Event "POL-chT4 Kujawsko Pomorskie 1011"]
[Site "Poland"]
[Date "2011.03.13"]
[Round "8.16"]
[White "Wierzbicki, Slawomir"]
[Black "Szczesniak, Andrzej"]
[Result "1/2-1/2"]
[WhiteElo "1988"]
[BlackElo "2071"]
[PlyCount "48"]
[EventDate "2010.11.07"]
[EventType "team-swiss"]
[EventRounds "10"]
[EventCountry "POL"]
[SourceTitle "EXT 2019"]
[Source "ChessBase"]
[SourceDate "2018.10.10"]
[SourceVersion "1"]
[SourceVersionDate "2018.10.10"]
[SourceQuality "1"]

1. e4 c5 2. Nf3 e6 3. d4 cxd4 4. Nxd4 a6 5. Bd3 Nf6 6. 0-0 e5 7. Nf3 Nc6 8. Bg5 h6 9. Bxf6 Qxf6 10. Nc3 Bc5 11. Nd5 Qd8 12. c3 0-0 13. b4 Be7 14. a4 d6 15. Qb3 Kh8 16. b5 axb5 17. axb5 Rxa1 18. Rxa1 Nb8 19. Qb4 Be6 20. Nxe7 Qxe7 21. Nxe5 Qc7 22. b6 Qd8 23. Nc4 Nc6 24. Qb5 Qf6 1/2-1/2